[Event "SUI-chT"]
[Site "Switzerland"]
[Date "2009.10.17"]
[Round "8.2"]
[White "Hickl, Joerg"]
[Black "Pelletier, Yannick"]
[Result "0-1"]
[WhiteElo "2570"]
[BlackElo "2584"]
[Annotator "Pelletier,Y"]
[PlyCount "86"]
[EventDate "2009.02.22"]
[EventType "team-tourn"]
[EventRounds "9"]
[EventCountry "SUI"]
[SourceTitle "CBM 136"]
[Source "ChessBase"]
[SourceDate "2010.05.18"]
[SourceVersion "1"]
[SourceVersionDate "2010.05.18"]
[SourceQuality "1"]
[WhiteTeam "Riehen"]
[BlackTeam "Zuerich"]
[WhiteTeamCountry "SUI"]
[BlackTeamCountry "SUI"]

1. g3 d5 2. Nf3 c6 3. Bg2 Bg4 4. b3 Nd7 5. Bb2 Ngf6 6. d3 e6 7. Nbd2 Bd6 8. h3
{Dieser Zug erlaubt es Schwarz, mit einem kleinen Trick die schwarzfeldrigen
Läufer abzutauschen.} Bxf3 9. Nxf3 Ba3 10. Bxa3 ({Die Begegnung Hodgson-Geller
(Sochi 1986) endete durch Zugwiederholung nach} 10. Bc3 Qe7 11. O-O Bb4 12. Bb2
Ba3 13. Bc3 Bb4) 10... Qa5+ 11. c3 ({Einige Jahre zuvor geschah in der Mainzer
Schnellschachpartie Hickl-Bacrot} 11. Qd2 Qxa3 12. O-O Qd6 13. c4 O-O 14. Rfc1
Rfe8 15. b4 a6 $11) 11... Qxa3 12. Qc1 Qd6 (12... Qe7 {ist genauer, während
das Endspiel nach}) (12... Qxc1+ 13. Rxc1 Ke7 {nicht besonders fürchterlich
aussieht. Trotzdem nahm ich davon lieber Abstand.}) 13. O-O O-O ({
Aufmerksamkeit verdient der Plan} 13... h5 {, gefolgt von der langen Rochade.})
14. Nd2 Rfe8 15. a3 Rac8 16. b4 h5 ({Weiß hat am Damenflügel Vorteil, sodass
Schwarz im Zentrum reagieren sollte. Allerdings fand ich keinen Weg, um dies
wirksam auszuführen. Ich entschied mich daher nach langem Nachdenken für eine
Ablenkung am Königsflügel.} 16... e5 17. c4 e4 18. dxe4 dxe4 19. c5 {[%cal
Gd2c4] geht nicht, während}) (16... c5 17. Qb2 {[%cal Gc3c4] mir auch nicht
gefiel.}) 17. c4 Ne5 18. Nb3 h4 19. f4 {Auch wenn dieser Zug gut spielbar ist,
verpasste mein Gegner eine wichtige Einzelheit.} ({Besser war wohl} 19. g4 Ng6
20. e3 e5 21. Qc2 Nh7 22. Rac1) 19... Ng6 20. g4 ({Weiß hätte mittels} 20. c5
Qc7 21. g4 {das Zentrum vorher schließen können. Die Stellung bliebe nach} e5
22. e3 exf4 23. exf4 Re7 24. Nd4 (24. f5 Re2 $1) 24... Rce8 {unklar} 25. f5
$140 $6 Qg3 $1 $40) 20... dxc4 21. dxc4 e5 22. f5 Nf4 {Jörg hatte einfach
vergessen, dass dieser Zug möglich ist!} 23. Qe3 Rcd8 24. Ra2 Nxg2 (24... b5
25. Rd2 Qc7 {war eine interessante Alternative, um den starken Nf4 zu bewahren.
}) 25. Kxg2 e4 26. Qf4 (26. Rd2 Qe5 $13 {[%cal Gb7b5]}) 26... e3 27. Qxd6 Rxd6
28. Rf3 Nh7 29. Rf4 Ng5 (29... Red8 $6 {scheitert an} 30. Re4 Rd2 31. Nc1 $1
$14) 30. Rc2 Rd1 31. Rd4 ({Zum Remis führte} 31. Rc1 Rxc1 32. Nxc1 Rd8 33. Nb3
Rd1 (33... Rd3 {ist nicht so einfach:} 34. exd3 e2 35. Rf1 exf1=Q+ 36. Kxf1
Nxh3 37. Na5 {mit einigen Problemen im Springerendspiel}) 34. Rd4 Re1 35. Rd8+
Kh7 36. Nd4 Ra1 37. Rb8 Rxa3 $11) 31... Re1 32. Rd3 Re4 33. Rd4 Re7 34. Nc5 ({
Nach dem vernünftigeren} 34. Rd3 {könnte Schwarz zwischen Zugwiederholung und}
g6 $5 {wählen.}) 34... b6 35. Rd8+ $6 {Weiß lässt sich von dieser attraktiven
Möglichkeit anziehen, die aber seine Niederlage verursachen wird.} ({Nach} 35.
Nd3 Rd1 36. Rc1 Rd2 37. Re1 Kh7 {sollte er sich trotz gegnerischer Initiative
behaupten können.}) 35... Kh7 36. Nd7 Re4 37. Nf8+ Kh6 38. Rd3 ({Studienhaft
gewinnt Schwarz nach} 38. Rd6+ g6 $1 (38... f6 $2 39. Ng6 $11) 39. Nxg6 (39.
Rd3 Rf4 $19) 39... fxg6 40. Rxg6+ Kh7 41. Rxg5 Rf4 42. Rh5+ Kg8 43. Rxh4 Rf2+
44. Kg3 Rg1#) 38... Rxc4 ({Einfacher gewann} 38... Rf4 39. Rxe3 Ref1 $19) 39.
Rxc4 (39. Rb2 Rf4 $19) 39... Rxe2+ 40. Kh1 Re1+ 41. Kg2 Re2+ 42. Kh1 Nf3 43.
Rd6+ f6 0-1

[Event "Olympiad-40"]
[Site "Istanbul"]
[Date "2012.09.09"]
[Round "11.1"]
[White "Kazhgaleyev, Murtas"]
[Black "Pelletier, Yannick"]
[Result "0-1"]
[WhiteElo "2594"]
[BlackElo "2595"]
[Annotator "Pelletier,Y"]
[PlyCount "76"]
[EventDate "2012.08.28"]
[EventType "team-swiss"]
[EventRounds "11"]
[EventCountry "TUR"]
[SourceTitle "CBM 151"]
[Source "ChessBase"]
[SourceDate "2012.11.13"]
[SourceVersion "1"]
[SourceVersionDate "2012.11.13"]
[SourceQuality "1"]
[WhiteTeam "Kazakhstan"]
[BlackTeam "Switzerland"]
[WhiteTeamCountry "KAZ"]
[BlackTeamCountry "SUI"]

1. Nf3 Nf6 2. g3 d5 3. Bg2 Bf5 4. d3 e6 5. Nh4 {Da Schwarz ...h6 "vergessen"
hat, versucht Weiß, den Läufer zu erobern. Aber dieser kann dem Abtausch
entkommen.} Bg4 6. h3 Bh5 7. g4 Nfd7 8. Nf3 Bg6 9. Nc3 ({Um e4 vorzubereiten,
macht} 9. Nbd2 {weniger Sinn.}) 9... Nc6 10. e4 dxe4 11. Nxe4 Bxe4 $5 {Schwarz
hat sich früher bemüht, diesen Läufer zu behalten, nun tauscht er ihn
freiwillig ab. Die Bauernstruktur hat sich aber stark verändert, und was noch
wichtiger ist: Schwarz will nun auf den dunklen Feldern (vor allem f4) Meister
werden, und den Bg2 zum Zuschauer machen.} 12. dxe4 Bd6 13. Qe2 O-O $6 ({
Ich wollte mit dem früher oder später nötigen Vorstoß} 13... e5 {noch warten.
Leider erweist sich die kurze Rochade als verfehlt, da Weiß somit ein
strategisches Ziel findet: nun kann er dort einen Angriff starten. Besser wäre
also noch abzuwarten, um nach z.B.} 14. Bd2 Qe7 15. O-O-O {[%cal Ge8c8]
ebenfalls lang zu rochieren. Schwarz hätte dann sehr angenehmes Spiel.}) 14.
Bd2 Qe7 ({Leider funktioniert} 14... Qf6 15. O-O-O Bf4 $2 {wegen} 16. g5 $18 {
gar nicht}) 15. h4 e5 16. h5 ({Es sieht so aus, als wäre der Kampf um die
Initiative äußerst wichtig. Aber Weiß konnte sich auch Zeit nehmen, seinen
König in Sicherheit zu führen:} 16. O-O-O Nc5 17. Kb1 Ne6 $13 {gefolgt von
einem Springerzug nach d4.}) 16... Nc5 17. Nh4 Nd4 ({Sofort} 17... g6 {[%csl
Gf5] war vielleicht vorzuziehen, aber ich übersah die kommenden Bauernzüge
meines Kontrahenten.}) 18. Qd1 (18. Nf5 {würde ausgleichende Verwicklungen
herbeiführen:} Nxe2 ({oder} 18... Qe6 19. Nxd4 exd4 20. f4 Nxe4 21. Bxe4 Rfe8
22. Bxh7+ Kxh7 23. Qxe6 Rxe6+ $11) 19. Nxe7+ Bxe7 20. Kxe2 Ne6 $11) 18... g6 ({
Im selben ahnungslosen Sinne gespielt. Weiß kann nun seinen Gegner zwingen,
auf g6 mit dem f-Bauern zu nehmen. Daher war} 18... Rfd8 19. Nf5 Qe6 {besser.})
19. b4 Nd7 20. c3 Ne6 21. Qb3 ({Nach dem sofortigen} 21. hxg6 {müsste Schwarz
mit dem f-Bauern zurückschlagen} fxg6 ({da} 21... hxg6 $6 {wegen} 22. Nf5 $1 {
zu gefährlich ist, z.B.} Qf6 (22... gxf5 23. gxf5 {[%csl Rg8]} Ng7 24. Qg4 $16)
23. g5 $1 Nxg5 24. Qg4 gxf5 25. Qxg5+ Qxg5 26. Bxg5 f6 27. Bd2 $40 {[%csl Gd2,
Gg2]}) 22. Qb3 {Nun ist die Diagonale a2-g8 offen, was manchmal die
Läuferaktivierung Bf1-c4 erlaubt. Nach} Rf7 {oder 22...Qf7 rochiert Weiß lang,
und die Stellung ist unklar.}) 21... Rfd8 22. hxg6 hxg6 ({Jetzt kann Schwarz
so zurücknehmen, da die weiße Dame nicht mehr nach g4 kommen kann und der
König auch noch über ein Fluchtfeld auf f8 verfügt. Dazu geht} 22... fxg6 $2
23. Nf5 {überhaupt nicht!}) 23. O-O-O Qf6 ({Ich verzichtete auf das
naheliegende} 23... a5 {, da ich befürchtete, dass sich der Springerzug nach
f5 wieder als gefährlich erweist. In der Tat ist es nach} 24. Nf5 $1 gxf5 25.
gxf5 Nf4 ({oder} 25... a4 26. Qc2 Nf4 27. Bf3 Qf6 28. Rdg1+ Kf8 29. Rh7 Nb6 30.
Bh5 $1 Rd7 31. Qd1) 26. Bf3 Qf6 27. Rdg1+ Kf8 28. Rh7 $44 {völlig unklar.}) 24.
Nf5 $6 ({Schwarz muss auf f5 nicht mehr nehmen, und kann sich stattdessen gut
verteidigen. Besser war das rückhaltende} 24. Nf3 $13 {[%cal Gg4g5]}) 24... Bf8
25. Kb1 (25. g5 Nxg5 26. Ne3 c6 $15) 25... Nf4 ({Ich entschied wohl, keine
Zeit darüber zu denken, ob der Springer wieder essbar ist. Der Computer zeigt} 
25... gxf5 26. gxf5 (26. exf5 Nf4 {sollte nicht wirklich ausreichen}) 26... Nf4
27. Rdg1 Bg7 $13 {an, aber sieht Schwarz nicht einmal besonders in Vorteil.})
26. g5 $1 Qxg5 27. Bf3 $6 ({Weiß setzt nicht energisch genug fort. Ich hatte
wohl} 27. Rh7 $2 {[%csl Rf7] für die kritische Variante gehalten, konnte aber
für Weiß keine ausreichende Kompensation nach} Qf6 28. Rdh1 gxf5 29. Rh8+ Qxh8
30. Rxh8+ Kxh8 31. Qxf7 Bg7 $17 {finden, was vom Computer bestätigt wird.}) ({
Besser war aber} 27. Rdg1 Qf6 28. Bf1 {mit einigen unangenehmen Tricks, die
Schwarz am besten mit} Nc5 (28... Bg7 $2 29. Bxf4 exf4 30. Rxg6 $1 $18) 29.
bxc5 Rxd2 30. Bc4 Ne6 {abwehrt.} (30... Bg7 $2 31. Bxf7+ $1 Qxf7 32. Rh8+ $1
Bxh8 33. Nh6+ $18) {Nach} 31. Bxe6 Qxe6 32. Qxe6 fxe6 33. Nh6+ Kg7 34. Ng4 Be7
35. Nxe5 g5 36. f4 Re2 $11 {entsteht ein etwa ausgeglichenes Endspiel.}) 27...
Qf6 28. Rdg1 $6 ({Vorzuziehen war} 28. Ne3 Bg7 $15 {, aber mein Gegner übersah
meine Antwort.}) 28... Nc5 $1 $17 29. Qc2 Nce6 30. Ne3 Bg7 31. Nd5 $2 Nxd5 32.
exd5 Nd4 $1 $19 {Ab jetzt greift nicht mehr Weiß sondern Schwarz den
gegnerischen König an.} 33. cxd4 Qxf3 34. dxe5 Bxe5 (34... Rxd5 35. Bc3 a5 $19)
35. Bh6 ({Nach} 35. Rxg6+ fxg6 36. Qxg6+ Bg7 {gibt es für den schwarzen
Monarchen keine Gefahr.}) 35... Rd6 36. Be3 Rxd5 37. Rh6 $6 Bg7 38. Rh4 Qf6 0-1

[Event "ESP-chT Div 2"]
[Site "Barcelona"]
[Date "2000.08.11"]
[Round "7"]
[White "Conquest, Stuart"]
[Black "Pelletier, Yannick"]
[Result "1-0"]
[WhiteElo "2529"]
[BlackElo "2474"]
[Annotator "Pelletier,Y"]
[PlyCount "107"]
[EventDate "2000.08.05"]
[EventType "team"]
[EventRounds "9"]
[EventCountry "ESP"]
[SourceTitle "CBM 078"]
[Source "ChessBase"]
[SourceDate "2000.10.18"]
[SourceVersion "1"]
[SourceVersionDate "2000.10.18"]
[SourceQuality "1"]

1. g3 Nf6 2. Bg2 d5 3. Nf3 c6 4. d3 Bg4 5. Nbd2 Nbd7 6. h3 Bh5 7. O-O e5 8. a4
$5 Bc5 ({Besser war} 8... a5 9. e4 dxe4 10. dxe4 Bc5 11. Nc4 Qc7) 9. Nb3 {
Das hatte ich nicht befürchtet, da ich b3 für ein schlechtes Feld für den
Springer hielt. Das ist leider nicht der Fall.} Be7 10. Nh4 Bg6 11. e4 dxe4 12.
Nxg6 ({Nimmt zurecht von} 12. dxe4 Bxe4 13. Bxe4 Nxe4 14. Nf5 g6 15. Nh6 (15.
Ng7+ Kf8 16. Bh6 Kg8 $19) 15... Bf8 $17 {Abstand.}) 12... hxg6 13. dxe4 Nc5 14.
Qxd8+ Rxd8 {In diesem Moment glaubte ich natürlich ausgeglichen zu haben, aber
Stuart fand eine starke Ressource. Deshalb war} (14... Kxd8 $5 {vermutlich
vorzuziehen, z.B.} 15. Nxc5 (15. Na5 Kc7 16. f4 $140 Ncxe4 $1 $15 {xKg1}) 15...
Bxc5 16. Bg5 Kc7 $11) 15. Na5 $1 {[%csl Rb7,Rc6,Re5][%cal Ga5c4] Eine böse
Ueberraschung. Der weisse Springer macht nicht nur gegen b7 Druck, sonder
zielt nach c4, um den Bauern e5 zu beunruhigen. Nach langem Nachdenken
entschied ich mich für eine aktive Verteidigung.} O-O (15... Rd7 $2 16. Nc4) ({
Möglicherweise war} 15... Rd4 16. Be3 Rb4 {besser}) 16. b3 $6 ({Ich hatte aber
die Konsequenzen von} 16. Be3 {schlecht eingeschätzt. Nach} Ncxe4 17. Nxb7 Rb8
18. Na5 Rxb2 {dachte ich normal zu stehen, aber Weiss steht besser:} 19. Nxc6
Bc5 (19... Bd6 20. Nxa7) 20. Bxc5 Nxc5 21. Nxa7 (21. Nxe5 Rxc2 22. Nc6 $14)
21... Rxc2 22. Nc6 e4 23. a5 Nd3 24. Nd4 Rb2 25. Rfb1 $16) 16... Ncxe4 $1 17.
Nxb7 Rd7 18. Na5 Bb4 $1 ({Ich verzichtete auf} 18... Bc5 $6 {wegen} 19. Ba3 $14
({aber stärker ist} 19. Nxc6 $1 Rc7 (19... Nxg3 20. Re1 $16) (19... Nxf2 20. b4
$1 $18) 20. b4 Rxc6 21. bxc5 Rc7 22. Re1 Nxc5 23. Rxe5 {, wobei das weisse
Läuferpaar ein klares Uebergewicht verspricht.})) 19. Nxc6 ({Sicherer war} 19.
Nc4 $5 Bc3 20. Rb1 Bd4 21. Bb2 $14 {, da die Schwäche auf c6 verbleibt.}) 19...
Bc3 20. Ba3 Re8 $1 {Die Alternativen sind klar schlechter, man sehe:} (20...
Bxa1 21. Bxf8 Kxf8 22. Rxa1 Rc7 23. Re1 (23. Nxe5 Rxc2 24. b4 $14) 23... Rxc6
24. Bxe4 Nxe4 25. Rxe4 Rxc2 26. Rxe5 $16) ({oder} 20... Rc8 21. Ne7+ Rxe7 22.
Bxe7 Bxa1 23. Rxa1 Rxc2 24. Re1 Nxf2 25. Rxe5 $16) 21. Rad1 Nd2 22. Rfe1 e4 23.
Re3 (23. Kh1 a5 {xNc6}) 23... Nd5 24. Re2 Nf6 {Nun blieben uns beiden weniger
als 10 Minuten.} 25. Kh1 (25. Ne7+ Kh7) 25... a5 {[%csl Rc6]} 26. Ne7+ $1 (26.
g4 Re6 27. Ne7+ Kh7 28. g5 Nh5 {ist eher dem Nachziehenden günstig}) 26... Kh7
27. Re3 Nc4 $138 {Dieser taktische Schlag rettet Schwarz zwar vor
Materialverlust, aber richtige Züge werden weiterhin verlangt.} 28. Rxd7 Nxe3
29. Rc7 $138 Nxc2 ({Nach} 29... Be5 $6 30. Rc6 (30. Rc5 $2 Bd6) {übersah ich}
30... Nd1 {[%csl Rf2] , aber in diesem Fall hätte Weiss nach} 31. Kg1 Bd4 32.
Kf1 (32. Rd6 $2 Bxf2+ 33. Kf1 Bd4 $1 34. Rxd4 Ne3+ 35. Kf2 Nxc2 36. Nc6 Rc8 $13
) {klaren Vorteil} 32... Bxf2 $140 $6 33. Ke2 Rd8 34. Rd6 $18) 30. Rxc3 Nxa3
31. Rc7 {[%cal Gc7h7]} Rb8 $2 {Was ist natürlicher, als einen Bauern zu
nehmen? Die Antwort lautet wahrscheinlich: ''aktiv zu sein!''.} ({Nach} 31...
Rd8 $1 {[%csl Rf2]} 32. g4 (32. Bf1 Rd2 33. Kg1 Nc2 {/\e3~~}) (32. Nc6 $2 Rd1+
33. Kh2 Rc1 $1) 32... Rd2 33. Kg1 Nc2 {besitzt Schwarz gewiss bessere
Rettungschancen als in der Partie.}) 32. Nc6 $1 Rxb3 33. Rxf7 $16 {Schwarz hat
zu grosse Probleme mit seiner 2.Reihe.} Nc4 (33... e3 34. fxe3 Rxe3 35. Nxa5
$16) 34. Nd4 Rb1+ (34... Rb2 35. Ne6 Rxf2 36. Rxg7+ Kh8 37. Rxg6 e3 38. Kg1 $16
) 35. Kh2 Nd6 36. Ra7 Rb4 37. Ne6 Rxa4 38. Rxg7+ Kh6 39. g4 g5 40. Rxg5 Ra2 41.
Re5 {Die Zeitnot ist vorbei, und Weiss braucht nur noch etwas aufzupassen, um
eine Gewinnstellung zu bekommen.} (41. Rg7 $2 Nfe8 42. g5+ Kh5 43. Rg8 a4 $132)
(41. Rc5 $5 Kg6 42. Nf4+ Kf7 43. Rc7+ $18) 41... Kg6 (41... Rxf2 42. Kg3 Nf7
43. g5+ Kg6 44. Rxa5 $18) 42. Nf4+ Kf7 43. g5 Nfe8 44. Kg3 Ra3+ 45. Kg4 Ra2 46.
Bxe4 Nxe4 47. Rxe4 Rxf2 48. Ra4 Rf1 49. Rxa5 Ng7 50. Ra7+ Kg8 51. Ra8+ Kf7 52.
g6+ Ke7 53. Ra7+ Kf8 54. Kg5 1-0

[Event "Beersheba"]
[Site "Beersheba"]
[Date "1996.??.??"]
[Round "8"]
[White "Tseitlin, Mark D"]
[Black "Mikhalevski, Alexander"]
[Result "1-0"]
[WhiteElo "2545"]
[BlackElo "2435"]
[Annotator "Petursson,M"]
[PlyCount "75"]
[EventDate "1996.03.??"]
[EventType "tourn"]
[EventRounds "11"]
[EventCountry "ISR"]
[EventCategory "10"]
[SourceTitle "CBM 053"]
[Source "ChessBase"]
[SourceDate "1996.08.01"]
[SourceVersion "1"]
[SourceVersionDate "1996.08.01"]
[SourceQuality "1"]

1. Nf3 d5 2. g3 Bg4 3. Ne5 Bh5 4. c4 f6 5. Nf3 dxc4 6. Bg2 Nc6 7. Qa4 Bf7 {[#]}
8. Ne5 $1 $16 Bd5 (8... fxe5 9. Bxc6+ bxc6 10. Qxc6+ $18) 9. Nxc6 bxc6 10. e4
Be6 11. Qxc6+ Kf7 12. f4 Qe8 13. Qc5 g6 14. f5 Bd7 15. Qxc4+ Kg7 16. Nc3 e5 17.
fxe6 Qxe6 18. Qxe6 Bxe6 19. d4 Rb8 20. O-O Bd6 21. b3 h5 22. Bb2 h4 23. e5 fxe5
24. Ne4 hxg3 25. hxg3 Rh5 26. Rac1 Rd8 27. dxe5 Bxe5 28. Rxc7+ Rd7 29. Nc5 Kh6
30. Bxe5 Rxc7 31. Bf4+ Kh7 32. Nxe6 Rc2 33. Bg5 Nh6 34. Rf8 Rxa2 35. Bf6 Ng8
36. Rf7+ Kh6 37. Bg7+ Kh7 38. Nf8# 1-0

[Event "Schacknytt GM"]
[Site "Upplands Vasby"]
[Date "2000.12.09"]
[Round "5"]
[White "Rozentalis, Eduardas"]
[Black "Rausis, Igors"]
[Result "1-0"]
[WhiteElo "2570"]
[BlackElo "2551"]
[Annotator "Postny,E"]
[PlyCount "79"]
[EventDate "2000.12.05"]
[EventType "tourn"]
[EventRounds "7"]
[EventCountry "SWE"]
[EventCategory "11"]
[SourceTitle "CBM 081"]
[Source "ChessBase"]
[SourceDate "2001.03.20"]
[SourceVersion "1"]
[SourceVersionDate "2001.03.20"]
[SourceQuality "1"]

1. e4 e5 2. Nf3 Nc6 3. Nc3 Nf6 4. g3 g6 {Other lines are: 4...Bc5; 4...Bb4.} 5.
Bg2 Bg7 6. O-O O-O ({Also possible} 6... d6 7. h3 O-O 8. d3 Nd7 {-typical
manoeuvre.} 9. Nh4 Nc5 10. Nd5 Ne6 11. Ne3 $6 Kh8 12. c3 Nf4 13. gxf4 exf4 14.
Nef5 gxf5 15. Qh5 Ne5 16. Bxf4 Nxd3 17. Bd2 f4 $17 {0-1 Ahn,M-Mikhalevski,V/
Budapest 1996/CBM 56 (28)}) 7. d3 d5 8. Bg5 $146 (8. Nd2 dxe4 9. dxe4 Nd4 10.
Ne2 Bg4 11. f3 Nxe2+ 12. Qxe2 Be6 $11 {0-1 Panic,D-Schirra,S/Hamburg 1993/TD 
(47)}) 8... d4 9. Ne2 ({Also possible} 9. Nd5 Qd6 10. Nxf6+ Bxf6 11. Bd2 {
but, Rozentalis wants to keep more pieces on the board-closed, complicated
positions are to his taste.}) 9... h6 10. Bd2 a5 (10... Nh7 11. Ne1 f5 12. f4
$14) ({deserved attention} 10... Nd7 {[%cal Yd7c5]}) 11. h3 Be6 12. Kh2 {
vacating g1 square for the knight.} Nd7 13. Nfg1 Kh7 14. f4 exf4 ({Interesting
is} 14... f5 {.} {However after} 15. fxe5 {[%cal Ye2f4] White is preferable in
all variants:} Ndxe5 (15... Bxe5 16. Nf3 fxe4 17. Nxe5 Rxf1 18. Qxf1 Ndxe5 19.
Bxe4 $14) (15... fxe4 16. Nf4 Qe8 17. Bxe4 $14) 16. Nf4 Bd7 17. exf5 Bxf5 18.
g4 Bd7 19. Be4 $14) 15. gxf4 {[%csl Re6][%cal Gf4f5]} ({Worse is} 15. Nxf4 {
because black get control on important e5 square.}) 15... f5 16. e5 Nb6 $6 {
Wrong manoeuvre.Black knight should be placed on e6, that's why 16...Nc5 was
clearly better.} 17. Nf3 {[%csl Rd4][%cal Yd1e1,Ye1f2]} ({Dubious is} 17. Bxc6
$6 bxc6 18. a4 {[%csl Ra5]} c5 19. Qe1 Nd5 {and the absense of white-squared
bishop is more important, then weak black pawns on the queenside.}) 17... Rf7 {
[%csl Yd4][%cal Yf7d7]} 18. Qe1 Rd7 19. Qg3 {Rozentalis step by step
concentrating his pieces on the kingside.} Ne7 {[%csl Yg6][%cal Ye7g6]} 20. h4
$1 {This modest pawn will play an important part in white's attack.} c5 21. Rg1
{[%cal Rh4h5]} Qe8 ({Black has to be careful.For example after} 21... c4 $2 22.
h5 {black collapsing.} gxh5 23. Nfxd4 Rxd4 (23... h4 24. Qxg7+ $1 Kxg7 25.
Nxe6+ $18) 24. Bxb7 Bh8 25. Bxa8 Nxa8 26. Bxa5 $18) 22. Bh3 {[%cal Rh4h5]} ({
Here} 22. h5 gxh5 23. Nfxd4 {doesn't work due to strong intermediate move} h4
$1 {.} 24. Qxg7+ Kxg7 25. Nxe6+ Kh7 26. Nxc5 Rc7 $17) 22... Qf7 23. Rg2 {
[%cal Ya1g1]} a4 (23... Nbd5 24. Rag1 {continues like in the game.}) 24. a3
Nbd5 25. Rag1 {[%cal Gh4h5]} Rg8 26. Qf2 Rdd8 $6 {Wasting time.} ({Necessary
was} 26... Nc7 27. Rg3 Bd5 {[%csl Ye6][%cal Yc7e6] and black has no reason to
collapse.}) 27. Rg3 Bh8 $6 ({Again} 27... Nc7 {was better} 28. Ba5 Rd7) 28. Bf1
$1 {[%mdl 2048]} b6 29. Qg2 Nc7 {Now black realized, that knight must stand on
e6 to cover g5 square, but it's too late.} 30. Qh3 {[%csl Gh3][%cal Gf3g5]} Rg7
(30... Kg7 {king evacuation doesn't help as well-} 31. h5 Kf8 32. hxg6 $18) 31.
h5 $1 {The beginning of devastating attack.} gxh5 {Otherwise white will take
on g6 with deadly knightcheck on g5.} 32. Rxg7+ Bxg7 33. Ng3 h4 (33... Rg8 {
doesn't save as well;} 34. Nxh5 Bh8 35. Ng5+ Rxg5 (35... hxg5 36. Nf6+ Kg7 37.
Rxg5+ Ng6 38. Qh7+ Kf8 39. Qxg8+ Qxg8 40. Nxg8 $18) 36. Rxg5 $1 Bxe5 37. fxe5
hxg5 38. Bxg5 {with winning attack.}) 34. Qxh4 Qe8 35. Qh3 Qc6 36. Nh5 Ne8 $6 (
{More stubborn was} 36... Bf8 37. Ng5+ Kh8 38. Bg2 Qb5) 37. Nxg7 Nxg7 38. Ng5+
Kg8 39. Qxh6 Bd5 40. Ne6 {[%csl Gg1][%mdl 32]} 1-0